[Event "Dortmund"]
[Site "Dortmund"]
[Date "1993.??.??"]
[Round "2"]
[White "Lautier, Joel"]
[Black "Kramnik, Vladimir"]
[Result "1/2-1/2"]
[WhiteElo "2645"]
[BlackElo "2685"]
[Annotator "Konikowski,J"]
[PlyCount "47"]
[EventDate "1993.04.??"]
[EventType "tourn"]
[EventRounds "7"]
[EventCountry "GER"]
[EventCategory "16"]
[SourceTitle "CBM 035"]
[Source "ChessBase"]
[SourceDate "1993.08.01"]
[SourceVersion "1"]
[SourceVersionDate "1993.08.01"]
[SourceQuality "1"]

1. c4 c6 2. e4 d5 3. exd5 cxd5 4. cxd5 Nf6 (4... Qxd5 5. Nc3 Qd6 (5... Qd8 6.
d4 e6 7. Nf3 Nf6 8. Bf4 Nc6 9. Bc4 Be7 10. O-O O-O 11. a3 b6 12. b4 Bb7 13. d5
exd5 14. Nxd5 $16 {Keres-Radovici,Leipzig 1960}) 6. d4 Nf6 7. Nge2 e6 (7... g6
$5) 8. g3 Bd7 9. Bf4 Qb6 10. Bg2 Bc6 11. d5 exd5 12. O-O Bb4 13. Bg5 Nbd7 14.
Nxd5 Nxd5 15. Bxd5 O-O 16. a3 $14 {Sax}) 5. Bb5+ Nbd7 6. Nc3 a6 (6... g6 7. d4
Bg7 8. d6 exd6 9. Qe2+ (9. Bf4 $5) 9... Qe7 10. Bf4 Qxe2+ 11. Ngxe2 Ke7 12. O-O
Nb6 $10 {Nunn-Stean,Hastings 1979/80}) 7. Qa4 Rb8 8. Bxd7+ Bxd7 9. Qb3 (9. Qf4
e6 (9... b5 10. a3 e6 11. Nf3 Nxd5 12. Nxd5 exd5 13. O-O Be7 14. Qe5 O-O 15.
Qxd5 Rb6 16. d4 Rd6 17. Qh5 Bc6 18. Ne5 Ba8 19. Be3 f6 20. Nd3 Rd5 $44 {
Vatter-Lehman,1BL 1988}) 10. Nf3 exd5 11. O-O Be6 (11... Be7 12. Re1 O-O 13. d4
Rc8 14. Qg3 Bf5 15. Bg5 Be6 16. Rad1 Re8 17. Re5 Qd7 18. Rde1 Rxc3 19. bxc3 Ne4
20. R5xe4 dxe4 21. Bh6 Bf8 22. Rxe4 Bxa2 23. Rg4 g6 24. Be3 Bd5 25. h4 a5 $132
{Buecker-Traeger,2BL 1989}) 12. d4 Bd6 13. Qh4 Rc8 14. Ng5 O-O 15. Nxe6 fxe6
16. Qh3 {0,5/Chandler-Speelman,Hastings 1986}) 9... b5 10. d3 Bc8 (10... e6 $5
11. dxe6 Bxe6 12. Qc2 Rc8 13. Qe2 Bb4 14. Bd2 O-O 15. Nf3 Re8 $44) 11. Bf4 Ra8
12. a4 b4 (12... Bb7 13. axb5 Nxd5 14. bxa6 Nxf4 15. Qa4+ Qd7 16. axb7 Nxd3+
17. Kf1 $18) 13. Ne4 (13. Qxb4 $2 e5 $19) 13... Bb7 (13... Nxd5 14. Nd6+ exd6
15. Qxd5 Be6 16. Qc6+ Bd7 17. Qe4+ Qe7 18. Ne2 Qxe4 19. dxe4 Bc6 20. f3 $14)
14. Qxb4 Bxd5 15. a5 Qd7 16. Qb6 Nxe4 17. dxe4 Bxe4 18. Nf3 f6 19. O-O e5 20.
Rac1 (20. Bxe5 $2 Bxf3 $1 21. gxf3 fxe5 22. Rfe1 Be7 23. Rxe5 O-O $19) (20.
Nxe5 $5 fxe5 21. Rfe1 Qc6 (21... Qf5 22. Ra4 $1) 22. Rac1 Qd5 $2 (22... Qxb6
23. axb6 exf4 24. Rxe4+ (24. b7 Kd7 (24... Rb8 25. Rc8+ $18) 25. Rcd1+ Kc7 26.
bxa8=Q Bxa8 27. Re8 Bc6 $19) 24... Kd7 (24... Kf7 25. Rxf4+ Kg6 26. Rc6+ Kg5
27. b7 Rb8 28. Rf7 a5 29. Rc8 Bb4 30. Rxg7+ Kh6 31. Rxh8 Rxh8 32. Rc7 Rb8 33.
f4 Kg6 $13) 25. Rd4+ Ke6 26. b7 Rb8 27. Rc6+ Ke5 28. Rd7 Bb4 29. Rxg7 $13) 23.
Rcd1 Qc6 24. Bxe5 Be7 25. Qe3 Bg6 26. Bxg7 $18) 20... Be7 (20... exf4 21. Rfe1
f5 (21... Qd5 $2 22. Rcd1 $18) 22. Rcd1 Qc8 23. Qd4 (23. Ng5 Be7 24. Nxe4 fxe4
25. Rxe4 Rf8 26. Rd8+ Qxd8 27. Qc6+ Kf7 28. Qe6+ Ke8 29. Qc6+ Qd7 30. Qxa8+ Kf7
31. Rxf4+ Bf6 32. Qxa6 Qc7 33. Rc4 Qe7 $17) 23... Qb7 24. Ng5 Rc8 25. Nxe4 fxe4
26. Rxe4+ Kf7 (26... Be7 27. Qxg7 Qxe4 28. Qxh8+ Bf8 29. Qf6 Qe2 30. Qd4 Be7
31. Qh8+ Bf8 32. Qd4 Be7 33. Qh8+ Bf8 $10) 27. Rxf4+ Kg8 28. Qe3 h6 29. Qe6+
Kh7 30. Rf7 Qc6 31. Qf5+ Kg8 (31... Qg6 32. Qxc8 Qxf7 33. Qxa6 Bc5 34. Qd3+ g6
35. Qc2 Qe7 $13) 32. Rfd7 Rh7 33. Qf7+ Kh8 34. h3 Qf6 $13) 21. Be3 O-O 22. Rfd1
Qg4 23. Ne1 Bf5 (23... Rfb8 $5 24. Qc7 Qe6 (24... Bf8 $2 25. Qc4+ Kh8 26. f3
Bxf3 27. Nxf3 Qxc4 28. Rxc4 Rxb2 29. Rd7 $18) 25. Rd7 Bf8 26. Qc4 (26. Bb6 $2
Rc8 $19) 26... Qxc4 27. Rxc4 Bf5 28. Rdc7 Rxb2 $17) 24. h3 1/2-1/2

[Event "Dortmund"]
[Site "Dortmund"]
[Date "1993.??.??"]
[Round "3"]
[White "Kramnik, Vladimir"]
[Black "Serper, Grigory"]
[Result "1-0"]
[WhiteElo "2685"]
[BlackElo "2590"]
[Annotator "Kramnik,V"]
[PlyCount "53"]
[EventDate "1993.04.??"]
[EventType "tourn"]
[EventRounds "7"]
[EventCountry "GER"]
[EventCategory "16"]
[SourceTitle "CBM 035"]
[Source "ChessBase"]
[SourceDate "1993.08.01"]
[SourceVersion "1"]
[SourceVersionDate "1993.08.01"]
[SourceQuality "1"]

1. d4 d5 2. c4 e6 3. Nf3 Nf6 4. Nc3 Bb4 5. Bg5 Nbd7 6. cxd5 exd5 7. Qc2 $1 h6
$6 (7... c5 8. dxc5 Qa5 9. Bd2 $1 $14) 8. Bh4 c5 9. e3 Qa5 $6 (9... c4 10. Be2
Qa5 11. O-O Bxc3 12. bxc3 Ne4 $14 {Kramnik,V-Lautier,J (2)/Cannes m/1993/}) 10.
Bd3 O-O 11. O-O c4 (11... b6 12. Nxd5 $5 Nxd5 13. a3 $16) 12. Bf5 Re8 (12... g6
13. Bxd7 (13. Bxg6 $5) 13... Nxd7 14. e4 Bxc3 (14... dxe4 15. Nxe4 $16) 15.
bxc3 dxe4 16. Nd2 $5 $36) 13. Nd2 Be7 14. Rae1 Nb6 (14... Nf8 15. Bxc8 (15. f4
$5 g6 $140 16. Bxc8 Raxc8 17. f5 (17. Bxf6 $5 Bxf6 18. Nf3) 17... g5 18. Bg3
$16) 15... Raxc8 16. Qf5 g6 $8 (16... Red8 17. e4 g6 18. Qe5 $1 $18) 17. Qf3
N8d7 $14) 15. a3 $5 (15. f3 Bxf5 16. Qxf5 Qb4 17. Qc2 Qd6 18. Kh1 $16) 15...
Be6 $2 (15... Ne4 $1 $8 16. Bxe4 Bxh4 17. Bh7+ Kh8 18. Bf5 Bf6 $16) 16. Bxe6
fxe6 17. Bxf6 $1 Bxf6 18. f4 $1 $18 Nd7 (18... Nc8 19. g4 $1 Nd6 20. Qg6 Qd8 (
20... Nf7 21. g5) 21. Nf3 Nf7 22. Re2 {/\ Rg2+-}) 19. Nf3 Qc7 (19... Nf8 20. e4
$1 g6 (20... Rad8 21. e5 Be7 22. g4) 21. e5 $5 Bg7 22. Nh4 $5 Kf7 23. g4 Qb6
24. Qf2 Kg8 25. f5 $18) 20. g4 $1 Nf8 21. g5 $1 (21. h4 g6 22. g5 Bg7) 21...
hxg5 22. fxg5 Be7 23. e4 dxe4 24. Qxe4 Rad8 25. Re2 (25. Qg4) 25... a6 26. Qg4
Qa5 (26... b5 27. Ne4 {/\ Nf6+-}) 27. Ne5 $1 (27. Ne5 $1 Rxd4 28. Qh5 $18) 1-0

[Event "Amsterdam VSB"]
[Site "Amsterdam"]
[Date "1993.??.??"]
[Round "2"]
[White "Piket, Jeroen"]
[Black "Kramnik, Vladimir"]
[Result "1/2-1/2"]
[WhiteElo "2590"]
[BlackElo "2685"]
[Annotator "Ftacnik,L"]
[PlyCount "61"]
[EventDate "1993.05.??"]
[EventType "tourn"]
[EventRounds "6"]
[EventCountry "NED"]
[EventCategory "17"]
[SourceTitle "CBM 035"]
[Source "ChessBase"]
[SourceDate "1993.08.01"]
[SourceVersion "1"]
[SourceVersionDate "1993.08.01"]
[SourceQuality "1"]

1. d4 d5 2. c4 c6 3. Nc3 Nf6 4. Nf3 e6 5. e3 Nbd7 6. Bd3 dxc4 7. Bxc4 b5 8. Bd3
Bb7 9. e4 b4 10. Na4 c5 11. e5 Nd5 12. O-O cxd4 13. Re1 g6 14. Bg5 Qa5 15. Nxd4
a6 (15... Rc8 16. a3 Be7 17. Bh6 a6 18. Qb3 Qd8 19. Nf3 g5 20. Be4 g4 21. Nd2
Rg8 22. Nc4 Rxc4 23. Qxc4 Nxe5 24. Qe2 $17 {Belov,I-Kaidanov,G/Moscow-B/1987/})
(15... Bg7 16. Bb5 a6 17. Bxd7+ Kxd7 18. Nb3 Qb5 19. Nd4 Qa5 20. Nb3 Qb5 21.
Nac5+ Ke8 22. Rc1 Bc8 23. Ne4 Bxe5 24. Rc5 $40 {Marjanovic,S-Karaklajic,N/
Jugoslavija (ch)/1977/}) 16. Rc1 (16. a3 bxa3 17. bxa3 Bg7 18. Rb1 (18. Bd2 Qd8
19. Nf3 O-O 20. Rc1 Rc8 21. Qe2 Rxc1 22. Rxc1 {0,5/Vaganian,R-Kramnik,V/
Moscow4/1991/}) 18... Rb8 19. Bd2 Qd8 20. Rxb7 Rxb7 21. Bxa6 Qa8 22. Bxb7 Qxb7
23. Nc3 (23. Bb4 Nxb4 24. axb4 $36 {Pinter,J-Kaidanov,G/Budapest Perenyi/1989/}
) 23... O-O 24. Nf3 $10 {Dorfman,I-Novikov,I/Lvov/1988/}) 16... Bg7 17. Nc6
Bxc6 18. Rxc6 O-O 19. Bc4 h6 (19... N5b6 20. Nxb6 Nxb6 21. Bb3 Rfc8 22. Rxc8+
Rxc8 23. Qd4 Qb5 24. h4 $10 {Piket,J-Anand,V/Dortmund (9)/1992/}) 20. Bxd5 Qxd5
(20... hxg5 21. Rd6 (21. Rxe6 fxe6 22. Bxe6+ Kh7 23. Bxd7 Bxe5 $13) 21... Rad8
22. Bxe6 Nxe5 23. Bb3 $10) 21. Qxd5 exd5 22. Bf6 Nxe5 $3 (22... Bxf6 23. exf6
Rfe8 24. Rxe8+ Rxe8 25. Kf1 Re6 26. Rc8+ Kh7 27. Rc7 Rd6 28. Rb7 $36) 23. Bxe5
(23. Rxe5 Rfc8 24. Bxg7 Rxc6 25. Bxh6 g5 26. Bxg5 f6 27. Rxd5 Re8 28. h4 fxg5
$13) 23... Rae8 24. f4 f6 25. Nb6 fxe5 26. Nxd5 exf4 27. Rxe8 Rxe8 28. Rxg6 Kh7
29. Rxa6 Re2 $1 30. Kf1 $1 (30. Nxf4 Bd4+ 31. Kf1 Rf2+) 30... Rxb2 31. Nxf4
1/2-1/2

[Event "Amsterdam VSB"]
[Site "Amsterdam"]
[Date "1993.??.??"]
[Round "4"]
[White "Short, Nigel D"]
[Black "Kramnik, Vladimir"]
[Result "1-0"]
[WhiteElo "2655"]
[BlackElo "2685"]
[Annotator "Ftacnik,L"]
[PlyCount "81"]
[EventDate "1993.05.??"]
[EventType "tourn"]
[EventRounds "6"]
[EventCountry "NED"]
[EventCategory "17"]
[SourceTitle "CBM 035"]
[Source "ChessBase"]
[SourceDate "1993.08.01"]
[SourceVersion "1"]
[SourceVersionDate "1993.08.01"]
[SourceQuality "1"]

1. e4 {Stohl} c5 2. Nf3 Nc6 3. d4 cxd4 4. Nxd4 Nf6 5. Nc3 d6 6. Bg5 e6 7. Qd2
a6 8. O-O-O h6 9. Be3 Bd7 10. f4 (10. f3 {Stohl} b5 11. Kb1 Ne5 12. Bd3 Qc7 13.
g4 b4 14. Nce2 d5 15. Bf4 dxe4 16. Bxe4 Nxe4 17. fxe4 Rc8 $13 {Anand,V-Kramnik,
V/Amsterdam VSB/1993/}) 10... b5 11. Bd3 Be7 12. Kb1 O-O (12... Rc8 13. h3 Nxd4
14. Bxd4 Bc6 15. Qe3 b4 16. Ne2 O-O 17. g4 Nd7 18. Qg3 Bh4 19. Qg2 Qa5 20. Ng3
Nc5 21. Nh5 e5 22. Be3 Na4 23. g5 exf4 24. gxh6 $40 {Shmuter,L-Grabics,M/
Budapest Spring op/1992/}) (12... Qc7 13. Rhe1 (13. h3 Nxd4 (13... Na5 14. g4
b4 15. Nce2 Nc4 16. Bxc4 Qxc4 17. Ng3 a5 18. Rhf1 Qa6 19. g5 hxg5 20. fxg5 Nh5
21. Nxh5 Rxh5 22. e5 g6 23. exd6 Bxd6 24. Bf4 $16 {Hodgson,Ju-Csom,I/Tel-Aviv/
1988/}) (13... O-O 14. g4 Rfc8 15. Rhg1 Nxd4 16. Bxd4 b4 17. Ne2 e5 18. g5 hxg5
19. fxe5 Nh7 20. exd6 Qxd6 21. h4 g4 22. e5 Qc6 23. Nf4 Nf8 24. Qe2 $40 {
Kavalek,L-Commons,K/USA-ch/1978/}) 14. Bxd4 b4 15. Ne2 e5 16. Be3 Qb7 17. Ng3
O-O 18. Rhf1 Rfc8 19. Qf2 Rc6 20. fxe5 dxe5 21. Nf5 Bxf5 22. Qxf5 Bc5 23. Bxc5
Rxc5 24. g4 $14 {Balashov,Y-Dorfman,I/URS-43ch Erevan/1975/}) 13... Nxd4 14.
Bxd4 e5 (14... b4 15. Ne2 e5 16. Bf2 O-O 17. Bh4 a5 18. Ng3 a4 19. fxe5 dxe5
20. Rf1 Nd5 21. Bxe7 Nxe7 22. Qxb4 Be6 23. Qa3 Rab8 24. Ka1 $13 {Hazai,L-Fries
Nielsen,JO/Copenhagen op/1987/}) 15. Be3 Be6 16. h3 Qa5 17. f5 Bd7 18. Nd5 Qxd2
19. Nxf6+ Bxf6 20. Bxd2 Bc6 21. Bb4 O-O-O 22. c4 Rd7 23. b3 Kb7 24. Kb2 $14 {
Joecks,C-Kas Fromm,R/Hamburg op (5)/1992/}) (12... Nxd4 13. Bxd4 Bc6 (13... b4
14. Ne2 Qb8 15. Ng3 O-O 16. e5 Nd5 17. Ne4 Rd8 18. Qf2 dxe5 19. fxe5 Be8 20.
Rhf1 a5 21. g4 a4 22. h4 Rc8 23. Ka1 b3 24. a3 $13 {Hazai,L-Lobron,E/Rotterdam
EU-Cup f/1988/}) 14. g4 (14. Qe3 b4 15. Bxf6 gxf6 16. Ne2 Qa5 17. Rhf1 Qc5 18.
Qg3 Kf8 19. f5 e5 20. Qh4 a5 21. b3 a4 22. Bc4 Qe3 23. Qh5 Rh7 24. Bd5 $14 {
Kruppa,Y-Shmuter,L/Ukraina-ch Kherson/1990/}) (14. Rhe1 O-O 15. e5 dxe5 16.
fxe5 (16. Bxe5 b4 17. Ne4 Nxe4 18. Bxe4 Bxe4 19. Rxe4 Qxd2 20. Rxd2 Rfd8 21.
Kc1 g5 22. fxg5 Bxg5 23. Bf4 Bxf4 24. Rxf4 $10 {Vooremaa,A-Veingold,A/Tallinn 
(04)/1981/}) 16... Nd5 17. Ne4 Nb4 18. Nf6+ Kh8 19. Be4 Rc8 20. a3 Bxe4 21.
Rxe4 Rxc2 22. Qe3 Nd5 23. Nxd5 exd5 24. Rg4 $40 {Timman,J-Gheorghiu,F/
Amsterdam (6)/1975/}) 14... b4 15. g5 hxg5 16. fxg5 Nd7 17. Ne2 Bxg5 18. Qxb4
Ne5 19. Bxe5 dxe5 20. Bxa6 Qb8 21. Qxb8+ $13 {Hassenrueck-Pytel,K/Dortmund 21/
(365)/1976/}) (12... b4 13. Nce2 O-O 14. h3 Qc7 15. g4 Qb7 16. Ng3 Nxd4 17.
Bxd4 Bc6 18. Rhe1 Rfe8 19. g5 hxg5 20. fxg5 Nd7 21. Bxg7 Kxg7 22. Nh5+ Kg6 23.
e5+ Kxh5 24. Qf4 $40 {Short,N-Ljubojevic,L/Amsterdam Euwe-Mem/1988/}) 13. Rhf1
(13. h3 Nxd4 14. Bxd4 Bc6 (14... b4 15. Ne2 d5 16. e5 $16 {Timman,J-Byrne,R/
Haifa ol/1976/}) 15. Qe3 Qc7 16. Rhf1 Rac8 (16... b4 17. Ne2 e5 18. fxe5 dxe5
19. Qg3 Nxe4 20. Qxe5 Qxe5 21. Bxe5 Nc5 22. Bc4 Nd7 23. Bd4 Bf6 24. Bxf6 $10 {
Aseev,K-Shirov,A/URS-sf Daugavpils/1989/}) 17. e5 dxe5 18. Bxe5 Qb7 19. f5 exf5
20. Rxf5 b4 21. Ne2 Bb5 $13 {Aseev,K-Lerner,K/URS-56ch/1989/0.5 (40)}) (13. e5
dxe5 14. Nxc6 Bxc6 15. fxe5 Ng4 16. Qe2 Nxe3 17. Bh7+ Kxh7 18. Rxd8 Rfxd8 19.
Qxe3 Bg5 20. Qe1 Rd4 21. h4 Bd2 22. Qf2 Rd7 23. Qe2 Rad8 24. Ne4 $13 {Zezulkin,
J-Lanka,Z/URS-chT Podolsk/1990/}) 13... Ng4 $5 (13... Nxd4 14. Bxd4 Bc6 15. e5
dxe5 16. fxe5 $1 Nd5 17. Ne4 $40) (13... Qc7 14. Qe1 b4 15. Nce2 Nxd4 16. Nxd4
d5 17. e5 Ne4 18. Bxe4 dxe4 19. Bc1 Qb7 20. f5 exf5 21. Qg3 Kh7 22. Nxf5 Bxf5
23. Rxf5 Rac8 24. Qg4 $13 {Dvoirys,S-Khalifman,A/Moscow Tal/1992/}) 14. Nxc6 (
14. Bg1 Nxd4 15. Bxd4 Nxh2 16. Rh1 Ng4 $13) 14... Bxc6 15. Bg1 Nf6 16. e5 (16.
Qe3 $5 b4 $13 (16... Qc7 $5 $13 {Stohl})) 16... dxe5 17. fxe5 Nd7 18. Bd4 Bc5
19. Be4 (19. Bxc5 Nxc5 20. Qf2 Qe7 $10 (20... Nxd3 $5 {Stohl})) 19... Qc7 20.
Bxc6 Qxc6 21. Rf4 Qc7 $6 (21... Rfd8 22. Qf2 $1 (22. Rg4 Kh8 $1 (22... Nxe5 $2
23. Qxh6 $1 $18)) (22. Bxc5 Nxc5 23. Qxd8+ Rxd8 24. Rxd8+ Kh7 25. Rxf7 b4 $13)
22... b4 $2 23. Bxc5 $16) (21... b4 22. Ne4 (22. Bxc5 bxc3 23. Qxd7 Qxc5 $10)
22... Bxd4 23. Qxd4 Rfd8 (23... Rad8 {Stohl <=>Pe5} 24. Nd6 (24. Re1 a5 $13)
24... f6 $5 $13) 24. Re1 (24. Nd6 f6 $5) 24... a5) (21... Rad8 {Stohl} 22. Qf2
$1 {/\Qg3,Rg4->} (22. Rg4 Kh8 $13 (22... Nxe5 $2 23. Qxh6 $18)) 22... b4 $6 23.
Bxc5 Nxc5 24. Rxb4 $16) 22. Bxc5 Nxc5 23. Qd6 Rac8 (23... Qxd6 24. Rxd6 Rfd8
25. Rfd4 Rxd6 26. Rxd6 Ra7 $1 {/\ Rd7}) (23... Rfc8 {Stohl} 24. Qxc7 Rxc7 25.
Rfd4 Raa7 $5 $132) 24. Qxc7 Rxc7 25. Rfd4 Rb8 $2 (25... Ra7 $5) (25... Rfc8 {
Stohl} 26. a3 $36) 26. b4 $1 Nb7 (26... Nd7 27. Rxd7 Rxc3 28. Rd8+ Rxd8 29.
Rxd8+ Kh7 30. Rd6 $16) 27. Ne4 Kf8 28. Kb2 Ke7 29. a3 Rd8 30. Rxd8 Nxd8 31. Nc5
a5 (31... Nc6 32. Rd6 $1 Nxe5 33. Rxa6 $16) (31... Rc6 32. Rd7+ Ke8 33. Ra7 $18
) (31... Ra7 32. Rd6) 32. c4 $1 axb4 33. axb4 bxc4 34. Kc3 Nc6 (34... Nb7 35.
Kxc4 Nxc5 36. bxc5 f6 37. exf6+ gxf6 38. Rd3 $16) 35. Re1 Na7 36. Kxc4 Kd8 37.
Rd1+ $1 Ke7 (37... Kc8 38. b5 Re7 39. Rd6 Kb8 40. b6 Nc8 41. Rd8 $18) 38. b5
Nc8 39. Kb4 Nb6 $6 (39... Ra7 40. Na4 Rb7 41. Rc1 $18) 40. Rd6 Nd5+ 41. Rxd5 (
41. Rxd5 exd5 42. b6 Rc8 43. b7 (43. Kb5 d4 (43... f6 44. e6 (44. exf6+ gxf6
45. Na6 d4 46. b7 Rd8) 44... Kd6 $1 45. Na6 Rc1 46. e7 Rb1+ 47. Nb4 Re1 48. b7
Kc7 49. Nxd5+ Kxb7 50. Kc5 Re6) (43... f5 $1 44. exf6+ Kxf6) 44. b7 Rb8 45. Kc6
Kd8 46. e6 $1 $18) (43. Na6 Rc1 44. Kb5 Kd7) 43... Rb8 44. Kb5 (44. Kc3 Kd8 45.
Kd4 Kc7 $1 46. Na6+ Kxb7 47. Nxb8 Kxb8 48. Kxd5 Kc7 49. e6 Kd8 $1 50. exf7 Ke7
$10) 44... f6 (44... Rxb7+ 45. Nxb7 Ke6 46. Kb4 (46. Nd8+ Kxe5 47. Nxf7+ Ke4
$13) 46... Kxe5 47. Kc3 $16) 45. e6 (45. exf6+ gxf6 46. Kc6 d4 47. Nd3 (47. Kc7
Rg8 48. b8=Q Rxb8 49. Kxb8 Kd6 50. Nd3 h5) 47... Ke6 48. Kc7 Rg8 49. b8=Q Rxb8
50. Kxb8 h5 51. Kc8 f5 52. g3 (52. Kd8 h4 53. Ke8 Kd5 54. Nf2 Ke5 55. Kf7 (55.
g3 hxg3 56. hxg3 Kf6 57. Kd7 Kg5 58. Ke6 d3 59. Ke5 d2 $10) 55... Kf4 56. Nd1
h3 57. gxh3 Kg5 58. Ke6 Kh4 59. Nf2 d3 60. Kxf5 d2 61. Kf4 d1=Q 62. Nxd1 Kxh3
$10) 52... Kd5 53. Nf2 Ke6 54. Kc7 f4 $1 55. gxf4 Kf5 56. Nd3 Ke4 $10) 45...
Kd6 46. Kb6 d4 47. Ka7 Re8 48. b8=Q+ Rxb8 49. Kxb8 d3 50. Nxd3 Kxe6 51. Kc7 Kf5
$16) 1-0

[Event "Amsterdam VSB"]
[Site "Amsterdam"]
[Date "1993.??.??"]
[Round "5"]
[White "Anand, Viswanathan"]
[Black "Kramnik, Vladimir"]
[Result "1/2-1/2"]
[WhiteElo "2710"]
[BlackElo "2685"]
[Annotator "Ftacnik,L"]
[PlyCount "54"]
[EventDate "1993.05.??"]
[EventType "tourn"]
[EventRounds "6"]
[EventCountry "NED"]
[EventCategory "17"]
[SourceTitle "CBM 035"]
[Source "ChessBase"]
[SourceDate "1993.08.01"]
[SourceVersion "1"]
[SourceVersionDate "1993.08.01"]
[SourceQuality "1"]

1. e4 c5 2. Nf3 Nc6 3. d4 cxd4 4. Nxd4 Nf6 5. Nc3 d6 6. Bg5 e6 7. Qd2 a6 8.
O-O-O h6 9. Be3 Bd7 10. f3 b5 11. Kb1 Ne5 12. Bd3 Qc7 13. g4 b4 14. Nce2 d5 15.
Bf4 dxe4 16. Bxe4 Nxe4 17. fxe4 Rc8 (17... O-O-O $5) 18. b3 f6 $2 (18... Be7
19. Nf5) (18... Bd6 19. Nf5 (19. h4 $5) 19... exf5 20. Qxd6 Qxd6 21. Rxd6 Nxg4
$13) (18... g5 19. Bg3 Bg7 20. Qxb4 a5 $44) 19. h4 Qb7 20. Bxe5 fxe5 21. Nf3
Bc6 22. Ng3 (22. Nxe5 Bxe4 {xc2}) 22... Bc5 23. g5 (23. Nxe5 O-O $132) 23...
O-O 24. Nxe5 (24. Qe2 $5) 24... Bf2 $5 (24... Rf2 25. Qd3 (25. Qe1 Bb5 26. Rd2
Rxd2 27. Qxd2 Qc7) 25... Bb5 26. Nc4 Qf7 27. Rhf1 hxg5 $13) 25. Nxc6 (25. Qd6
Rfe8 $1 (25... Bxg3 $2 26. Qxe6+ Kh7 (26... Kh8 27. Ng6+ Kh7 28. Nxf8+ Rxf8 29.
g6+ Kh8 30. Rhf1 $18) 27. g6+ Kh8 28. Nf7+ Rxf7 29. gxf7 Bxe4 (29... Rf8 30.
Rhg1 Bxh4 31. Rg6 Bxe4 32. Rxh6+ gxh6 33. Qxh6+ Bh7 34. Qxf8+ $18) 30. Rhf1 $1
Rf8 31. Qe8 $18) 26. gxh6 (26. Rd3 Bxg3 27. Rxg3 Bxe4 28. gxh6 Rxc2 $13) 26...
Bxg3 27. Rhg1 Bxe5 28. Qxe5 Re7 $1 29. Rg4 (29. Rxg7+ Rxg7 30. hxg7 Re8 31. Rg1
Qf7 $15) 29... Qc7 30. Qb2 Kh7 $1 31. hxg7 e5) 25... Qxc6 26. Nf5 exf5 27. Qxf2
fxe4 1/2-1/2

[Event "Madrid"]
[Site "Madrid"]
[Date "1993.??.??"]
[Round "5"]
[White "Kramnik, Vladimir"]
[Black "Izeta Txabarri, Felix"]
[Result "1/2-1/2"]
[WhiteElo "2685"]
[BlackElo "2505"]
[Annotator "Dautov,R"]
[PlyCount "80"]
[EventDate "1993.06.??"]
[EventType "tourn"]
[EventRounds "9"]
[EventCountry "ESP"]
[EventCategory "14"]
[SourceTitle "CBM 036"]
[Source "ChessBase"]
[SourceDate "1993.10.01"]
[SourceVersion "1"]
[SourceVersionDate "1993.10.01"]
[SourceQuality "1"]

1. d4 Nf6 2. c4 e6 3. Nf3 Bb4+ 4. Bd2 c5 5. g3 Bxd2+ (5... Qb6 6. Bg2 Nc6 7. d5
exd5 8. cxd5 Nxd5 9. a3 (9. O-O Nde7 10. e4 d6 11. Be3 Qc7 12. a3 Ba5 13. Nbd2
$44) 9... Ba5 10. Bxa5 Qxa5+ 11. Nfd2 Nf6 12. Nc3 d5 (12... O-O 13. Nb3 $14)
13. Nb3 Qb6 14. Na4 Qb5 15. Naxc5 O-O 16. Qd3 $14) 6. Qxd2 (6. Nbxd2 cxd4 7.
Nxd4 Qb6 8. Nb5 $5 {N} (8. N2b3 e5 9. Nf3 d6 $10) 8... a6 (8... d5 $5) 9. Nc3
Qc6 10. e4 d6 11. Bg2 O-O 12. O-O Qc7 13. Kh1 Nc6 14. Rc1 Bd7 15. f4 Rac8 16.
g4 h6 17. Nb3 Rfd8 18. g5 hxg5 19. fxg5 Nh7 $13 {->Yudasin-Izeta/Dos Hermanas/
1993}) 6... Ne4 7. Qd3 (7. Qc2 Qa5+ 8. Nbd2 Nxd2 9. Qxd2 Qxd2+ 10. Kxd2 cxd4
11. Nxd4 Nc6 12. e3 d6 13. Bg2 Bd7 14. Rac1 Ke7 15. Rhd1 Rac8 16. b3 a6 $10 {
Yudasin-Karpov/Madrid/1993}) 7... Qa5+ 8. Nbd2 Nxd2 9. Nxd2 cxd4 10. Qxd4 O-O
11. Bg2 Nc6 12. Qe3 (12. Qd6 $5 Qe5 (12... Qb6 13. Nb3 $14) (12... e5 13. e3)
13. Qxe5 Nxe5 14. O-O d6 15. Rac1 Rd8 16. Rfd1 Kf8 $14) (12. Qd3 $5 d5 13. cxd5
(13. O-O Ne5 14. Qc2 $13) 13... exd5 14. Qxd5 Qb6 $44) 12... d5 13. O-O d4 14.
Qd3 e5 15. a3 f5 16. b4 Qc7 17. Nb3 (17. Bd5+ Kh8 18. Nb3 Ne7 19. Bg2 Rd8 (
19... f4 $5) 20. Rac1 Rb8 21. Rfd1 Be6 22. Nc5 Bf7 $132) 17... e4 18. Qd2 Be6
19. Nxd4 (19. Rac1 Rad8 20. b5 Ne5 21. Nxd4 Bxc4 22. Qb2 Qb6 $10) 19... Nxd4
20. Qxd4 Bxc4 $10 (20... Qxc4 21. Qe3 Qb3 $10) 21. Rfc1 b5 22. a4 Qb6 (22... a6
$10 23. g4 $6 Rad8 24. Qe3 fxg4 25. Bxe4 Qf4 $15) 23. Qxb6 axb6 24. e3 Rac8 (
24... Bd3 25. axb5 Bxb5 26. Bh3 Bd7 $10) 25. axb5 Bxb5 26. Bh3 Bd7 27. Rd1 Rc7
28. Rd6 Rf6 29. Rxf6 gxf6 30. Bf1 Kf7 31. Kg2 (31. Ra6 Rc1 32. Ra7 Ke6 33. Rb7
Ba4 34. Rxb6+ Ke5 35. Kg2 Bd1 36. Ba6 Bf3+ 37. Kh3 Bg4+ 38. Kg2 Bf3+ $10) 31...
Ke7 32. Ra6 Rb7 33. Ra8 (33. h3 Rb8 34. Be2 Kd6 $10) 33... Be8 34. Ba6 (34. Be2
Rc7 35. Rb8 Rc2 36. Rb7+ Kd8 37. Ba6 Bh5 $132) 34... Rc7 35. Rb8 Bh5 36. Rb7
Rxb7 37. Bxb7 Kd6 38. Kh3 h6 39. Bc8 Bg6 40. Kh4 (40. g4 fxg4+ 41. Kxg4 Ke5 $10
) 40... Ke5 1/2-1/2

[Event "Madrid"]
[Site "Madrid"]
[Date "1993.??.??"]
[Round "6"]
[White "Rivas Pastor, Manuel"]
[Black "Kramnik, Vladimir"]
[Result "0-1"]
[WhiteElo "2515"]
[BlackElo "2685"]
[Annotator "Horn,Pe"]
[PlyCount "56"]
[EventDate "1993.06.??"]
[EventType "tourn"]
[EventRounds "9"]
[EventCountry "ESP"]
[EventCategory "14"]
[SourceTitle "CBM 036"]
[Source "ChessBase"]
[SourceDate "1993.10.01"]
[SourceVersion "1"]
[SourceVersionDate "1993.10.01"]
[SourceQuality "1"]

1. Nf3 d5 2. g3 Bg4 3. Bg2 Nd7 4. O-O c6 5. d4 e6 6. b3 (6. Nbd2 $5 f5 7. c4
Bd6 8. Qb3 Rb8 9. cxd5 exd5 10. Qd3 $36 {Norwood-King/London/1988}) 6... Bd6 (
6... f5 7. Ng5 Qf6 8. f3 Bh5 9. g4 $1 $36 {Garcia Palermo-Meduna/Forli/1988})
7. c4 (7. Bb2 Ne7 (7... f5 $5) 8. Nbd2 O-O 9. c4 f5 10. e3 Qe8 11. Qc1 $5 $14 {
Csom-Urzica/Pula/1975}) 7... f5 8. Ba3 (8. Bb2 Qf6 9. Nbd2 Ne7 10. Qc2 g5 $13 {
Soffer-Psakhis/Tel Aviv/1991}) (8. Ng5 $5) 8... Bxa3 9. Nxa3 Qe7 10. Qc1 Ngf6 {
A Stonewall formation with a Bg4: that cannot be too bad.} 11. b4 (11. Nc2 $1)
11... a6 (11... Qxb4 $6 12. Rb1 $16) 12. Rb1 (12. c5 $6 O-O 13. Nc2 e5 14. dxe5
Nxe5 15. Nxe5 Qxe5 16. e3) 12... O-O 13. Qe3 $2 (13. Ne5 $2 Bxe2 14. Re1 Bh5) (
13. Re1) (13. e3) (13. Rb3 $5) 13... f4 $1 (13... a5 14. b5) 14. Qxf4 $6 (14.
gxf4 $6 dxc4 (14... Nh5 $6 15. Ne5 Rxf4 16. Nxg4 Rxg4 $13) 15. Nxc4 (15. Ne5
Nxe5 16. fxe5 Nd5) 15... Nd5 16. Qd2 Nxf4 $40) (14. Qc1 $13) 14... a5 {פa3}
15. cxd5 (15. Nc2 Bf5 $1 (15... axb4 16. Nxb4 dxc4) (15... dxc4 16. b5)) 15...
exd5 16. Ne5 (16. Rb2 axb4 17. Nb1 $17) 16... Bxe2 17. Rfe1 Ne4 $1 18. Qe3 Nxe5
19. dxe5 (19. Bxe4 dxe4 20. Rxe2 Nf3+ 21. Kg2 axb4 $17) (19. Rxe2 Ng4 $19)
19... Bh5 20. b5 (20. f4 axb4 $17) (20. f3 axb4 21. Nc2 (21. fxe4 Rxa3 22. Qd4
c5 (22... Rxa2 23. exd5 Rxg2+ 24. Kxg2 Bf3+ 25. Kg1 Bxd5) 23. Qxd5+ Bf7 24. Qd6
Re8 $17) 21... Nc3 $17) 20... Nxf2 21. bxc6 bxc6 22. Rbc1 d4 23. Qb3+ Kh8 24.
Nc4 (24. Rxc6 Rab8 25. Qa4 Be8 $19) (24. Bxc6 Rab8 25. Qa4 Nd3 $19) 24... Rab8
25. Qc2 (25. Qa4 Nd3 $19) 25... Bg6 26. Qd2 Nd3 27. Nxa5 Rb2 28. Nxc6 Qe8 0-1